| 000 -ლიდერი |
| ფიქსირებული სიგრძის საკონტროლო ველი |
01338nam a2200253Ia 4500 |
| 001 - საკონტროლო ნომერი |
| საკონტროლო ველი |
8736 |
| 003 - საკონტროლო ნომრის იდენტიფიკატორი |
| საკონტროლო ველი |
GE_BSU |
| 005 - ბოლო ოპერაციის თარიღი და დრო |
| საკონტროლო ველი |
20240527155946.0 |
| 008 - ფიქსირებული სიგრძის მონაცემთა ელემენტები - ზოგადი ინფორმაცია |
| ფიქსირებული სიგრძის საკონტროლო ველი |
181216s1986||||ge |||||||||||||| || || |
| 040 ## - კატალოგიზაციის წყარო |
| Transcribing agency |
GE_BSU |
| 041 ## - ენის კოდი |
| Language code of text/sound track or separate title |
geo |
| 080 ## - უნივერსალური ათობითი კლასიფიკაციის ინდექსი |
| Universal Decimal Classification number |
82.0(075.8) ლ–68 |
| 245 ## - ცნობა სათაურის შესახებ |
| Title |
ლიტერატურის თეორიის საფუძვლები : |
| Remainder of title |
[სახელმძღვ. უმაღლ. სასწ. ფილოლ. ფაკ-ტის სტუდ. / |
| Statement of responsibility, etc |
გ. ციციშვილი, ა.გაწერელია, მ. დუდუჩავა და სხვ. ; ნ. ჭოლოკავას საერთო რედ.] |
| 250 ## - გამოცემის ცნობა |
| Edition statement |
მე–3 შევსებული და გადამუშავებული |
| 264 ## - წარმოების, გამოცემის, დისტრიბუციის და სხვა ცნობები |
| გამოცემის, წარმოების, დისტრიბუციის... ადგილი |
თბილისი : |
| გამოცემის, წარმოების, დისტრიბუციის... სახელწოდება |
განათლება, |
| გამოცემის, წარმოების, დისტრიბუციის... თარიღი |
1986. |
| 300 ## - ფიზიკური აღწერა |
| Extent |
501 გვ. ; |
| Dimensions |
22 სმ. |
| 653 ## - INDEX TERM--UNCONTROLLED |
| Uncontrolled term |
ლიტერატურის თეორიის საფუძვლები |
| 700 ## - ADDED ENTRY--PERSONAL NAME |
| Personal name |
ციციშვილი, გ. |
| Relator term |
ავტორი |
| 9 (RLIN) |
16294 |
| 700 ## - ADDED ENTRY--PERSONAL NAME |
| Personal name |
გაწერელია,ა |
| Relator term |
ავტორი |
| 9 (RLIN) |
22192 |
| 700 ## - ADDED ENTRY--PERSONAL NAME |
| Personal name |
დუდუჩავა, მ. |
| Relator term |
ავტორი |
| 9 (RLIN) |
18901 |
| 700 ## - ADDED ENTRY--PERSONAL NAME |
| Personal name |
ჭოლოკავა,ნ. |
| Relator term |
რედაქტორი |
| 9 (RLIN) |
22193 |
| 942 ## - ADDED ENTRY ELEMENTS (KOHA) |
| Koha item type |
წიგნი |
| Source of classification or shelving scheme |
|